Finančné inžinierstvo

Enregistré dans:
Détails bibliographiques
Auteur principal: Vlachynský, Karol
Collectivité auteur: Ekonomická univerzita v Bratislave. Fakulta podnikového manažmentu
Format: Livre
Langue:slovaque
Publié: Bratislava Vydavateľstvo Ekonóm 1997
Sujets:
Tags: Ajouter un tag
Pas de tags, Soyez le premier à ajouter un tag!

MARC

LEADER 00000nam a2200000 4500
001 c021517
005 20221214071034.2
020 |a 80-225-0865-9 
041 0 |a slo 
044 |a SK 
245 1 0 |a Finančné inžinierstvo  |c Karol Vlachynský 
264 1 |a Bratislava  |b Vydavateľstvo Ekonóm  |c 1997 
300 |a 195 s. 
610 2 0 |a inžinierstvo finančné 
610 2 0 |a financie medzinárodné 
610 2 0 |a forwardy 
610 2 0 |a futurity 
610 2 0 |a opcie 
610 2 0 |a portfólio 
610 2 0 |a papiere cenné 
610 2 0 |a swap 
610 2 0 |a hedging 
100 1 |a Vlachynský, Karol 
710 2 |a Ekonomická univerzita v Bratislave. Fakulta podnikového manažmentu